Rozvoj manažérskych informačných systémov podnikov na Slovensku

Manažérske informačné systémy (MIS) firiem, ich postavenie a úlohy. Pojmové vymedzenie MIS. Nové požiadavky kladené na MIS firiem. Súčasný stav a problémy rozvoja MIS podnikov na Slovensku. Nové trendy v rozvoji MIS. Vytváranie dátových skladov (Data warehouse).

Salvato in:
Dettagli Bibliografici
Autore principale: Čarnický, Štefan
Natura: Capitolo di libro
Lingua:slovacco
Soggetti:
Tags: Aggiungi Tag
Nessun Tag, puoi essere il primo ad aggiungerne!!

MARC

LEADER 00000naa a2200000 4500
001 r044657
005 20240502083121.4
041 0 |a slo 
044 |a CZ 
245 1 0 |a Rozvoj manažérskych informačných systémov podnikov na Slovensku  |c Štefan Čarnický 
520 |a Manažérske informačné systémy (MIS) firiem, ich postavenie a úlohy. Pojmové vymedzenie MIS. Nové požiadavky kladené na MIS firiem. Súčasný stav a problémy rozvoja MIS podnikov na Slovensku. Nové trendy v rozvoji MIS. Vytváranie dátových skladov (Data warehouse). 
610 2 0 |a systémy informačné 
610 2 0 |a manažéri 
610 2 0 |a podnik 
610 2 0 |a Slovensko 
610 2 0 |a sklad dát 
610 2 0 |a systémy informačné manažérske 
610 2 0 |a pojmy 
100 1 |a Čarnický, Štefan